| 000 | 00475nam a2200193Ia 4500 | ||
|---|---|---|---|
| 003 | GCL | ||
| 008 | 140319s9999 xx 000 0 eng d | ||
| 040 |
_aGCL / _cGCL |
||
| 082 | 0 | 4 |
_aCC _b932 _bS A |
| 100 | 1 | _aSELLMAN, R.R | |
| 245 | 1 | 0 |
_aANCIENT EGYPT / _cSELLMAN, R.R |
| 260 |
_a[S.N] : _bMETHUEN AND CO L T D |
||
| 300 | _a71 P | ||
| 650 | 0 | 4 | _aANCIENT EGYPT |
| 650 | 0 | 4 | _aEGYPTOLOGY |
| 650 | 0 | 4 | _aEGYPT - HISTORY |
| 650 | 0 | 4 | _aEGYPT - CIVILIZATION |
| 942 |
_2ddc _cBK |
||
| 999 |
_c19987 _d19987 |
||